UBT Library

Twentieth century American drama : (Record no. 39379)

000 -LEADER
fixed length control field 00928cam a2200277 i 4500
001 - CONTROL NUMBER
control field 14310940
005 - DATE AND TIME OF LATEST TRANSACTION
control field 20171226041034.0
008 - FIXED-LENGTH DATA ELEMENTS--GENERAL INFORMATION
fixed length control field 060322s2006 enk b 001 0 eng
010 ## - LIBRARY OF CONGRESS CONTROL NUMBER
LC control number 2006045127
020 ## - INTERNATIONAL STANDARD BOOK NUMBER
International Standard Book Number 0415342708 (set)
020 ## - INTERNATIONAL STANDARD BOOK NUMBER
International Standard Book Number 0415342716 (v. 1)
020 ## - INTERNATIONAL STANDARD BOOK NUMBER
International Standard Book Number 0415342724 (v. 2)
020 ## - INTERNATIONAL STANDARD BOOK NUMBER
International Standard Book Number 0415342732 (v. 3)
020 ## - INTERNATIONAL STANDARD BOOK NUMBER
International Standard Book Number 0415342740 (v. 4)
040 ## - CATALOGING SOURCE
Original cataloging agency DLC
Transcribing agency DLC
Modifying agency DLC
Description conventions rda
041 ## - LANGUAGE CODE
Language code of text/sound track or separate title eng
080 ## - UNIVERSAL DECIMAL CLASSIFICATION NUMBER
Universal Decimal Classification number 812.509
082 00 - DEWEY DECIMAL CLASSIFICATION NUMBER
Classification number 812.509 MUR
Edition number 22
100 ## - Rafti
Rafti 22
101 ## - Shkurtesa
Shkurtesa GJL
245 00 - TITLE STATEMENT
Title Twentieth century American drama :
Statement of responsibility, etc edited by Brenda Murphy with Laurie J.C. Cella.
504 ## - BIBLIOGRAPHY, ETC. NOTE
Bibliography, etc Includes bibliographical references and index.
906 ## - LOCAL DATA ELEMENT F, LDF (RLIN)
a 7
b cbc
c orignew
d 1
e ocip
f 20
g y-gencatlg
942 ## - ADDED ENTRY ELEMENTS (KOHA)
Source of classification or shelving scheme
Item type Books
Holdings
Withdrawn status Lost status Source of classification or shelving scheme Damaged status Not for loan Collection code Permanent location Current location Shelving location Date acquired Total Checkouts Full call number Barcode Date last seen Price effective from Koha item type
          Koleksioni i përgjithshem UBT - Lipjan UBT - Lipjan Koleksioni i përgjithshem 12/26/2017   812.509 MUR 002-29658 12/26/2017 12/26/2017 Books
UBT Library © 2015-2024. All rights reserved University Education for Business and Technology